<?xml version="1.0" encoding="UTF-8"?>
<collection xmlns="http://www.loc.gov/MARC21/slim">
 <record>
  <leader>04139ntm a22005297i 4500</leader>
  <controlfield tag="001">000722195</controlfield>
  <controlfield tag="003">CZ-PrVSE</controlfield>
  <controlfield tag="005">20250601083247.0</controlfield>
  <controlfield tag="006">m        d</controlfield>
  <controlfield tag="007">cr n||||||||||</controlfield>
  <controlfield tag="008">250601s2025    xr     fsbm   000 0 slo d</controlfield>
  <datafield tag="STA" ind1=" " ind2=" ">
   <subfield code="a">NEZPRACOVANÝ IMPORT</subfield>
  </datafield>
  <datafield tag="040" ind1=" " ind2=" ">
   <subfield code="a">ABA006</subfield>
   <subfield code="b">cze</subfield>
   <subfield code="c">ABA006</subfield>
   <subfield code="d">ABA006</subfield>
   <subfield code="e">rda</subfield>
  </datafield>
  <datafield tag="100" ind1="1" ind2=" ">
   <subfield code="a">Maruniak, Dominik</subfield>
   <subfield code="%">ISIS:147281</subfield>
   <subfield code="4">dis</subfield>
  </datafield>
  <datafield tag="245" ind1="1" ind2="0">
   <subfield code="a">Využitie finančných derivátov v automobilovom priemysle /</subfield>
   <subfield code="c">Dominik Maruniak</subfield>
  </datafield>
  <datafield tag="264" ind1=" " ind2="0">
   <subfield code="c">2025</subfield>
  </datafield>
  <datafield tag="300" ind1=" " ind2=" ">
   <subfield code="a">?? stran :</subfield>
   <subfield code="3">digital, PDF soubor</subfield>
  </datafield>
  <datafield tag="500" ind1=" " ind2=" ">
   <subfield code="a">Vedoucí práce: Jakub Zezula</subfield>
  </datafield>
  <datafield tag="502" ind1=" " ind2=" ">
   <subfield code="a">Diplomová práce (Ing.)—Vysoká škola ekonomická v Praze. Fakulta mezinárodních vztahů, 2025</subfield>
  </datafield>
  <datafield tag="504" ind1=" " ind2=" ">
   <subfield code="a">Obsahuje bibliografii</subfield>
  </datafield>
  <datafield tag="516" ind1=" " ind2=" ">
   <subfield code="a">Textový (vysokoškolská kvalifikační práce)</subfield>
  </datafield>
  <datafield tag="518" ind1=" " ind2=" ">
   <subfield code="a">Rok obhajoby 2025</subfield>
  </datafield>
  <datafield tag="520" ind1="3" ind2=" ">
   <subfield code="a">Automobilový priemysel patrí medzi najvýznamnejšie odvetvia svetového hospodárstva vďaka svojej globálnej prepojenosti a komplexnému dodávateľskému reťazcu. Spoločnosti sú vystavené finančným rizikám, najmä volatilite výmenných kurzov, úrokových sadzieb a cien komodít, ktoré môžu ovplyvniť hospodárske výsledky, cash flow aj konkurencieschopnosť podnikov. Za účelom mitigácie týchto rizík využívajú spoločnosti rôzne formy zaistenia, pričom kľúčovú úlohu zohrávajú finančné deriváty. Cieľom tejto diplomovej práce je zhodnotiť spôsob využívania finančných derivátov v automobilovom priemysle. Výskum ukázal, že najčastejšie využívanými nástrojmi sú swapy, ktoré sú najčastejšie využívané na zaistenie menového, úrokového aj komoditného rizika. Pri menovom riziku zohrávajú významnú úlohu aj forwardy a opcie, zatiaľ čo pri komoditnom riziku sú používané okrem swapov aj forwardy. Pri analýze vplyvu komoditného rizika na nominálnu hodnotu derivátov v automobilovom priemysle bola identifikovaná silná korelácia medzi cenami vybraných komodít (hliník, nikel, meď) a hodnotou komoditných derivátov. Táto citlivá reakcia poukazuje na vysokú expozíciu automobiliek voči cenovým výkyvom a zdôrazňuje význam efektívnej zaistenej stratégie. Najsilnejšia pozitívna korelácia so štatistickou významnosťou (p &lt; 0,01) bola vo všetkých prípadoch zaznamenaná medzi cenou niklu a hodnotou derivátov. V prípade hliníka sa potvrdila veľmi silná korelácia u Volkswagenu a Stellantisu, zatiaľ čo BMW vykazovalo silný vzťah. Pri medi bol veľmi silný korelačný vzťah preukázaný u Volkswagenu, a silný, no štatisticky významný (p &lt; 0,05), u BMW a Stellantisu. Pri analýze menového rizika bola u Volkswagenu identifikovaná významná korelácia medzi nominálnou hodnotou derivátov na zaistenie expozície voči CNY a GBP a vývojom týchto mien oproti euru. Pri E</subfield>
  </datafield>
  <datafield tag="520" ind1="8" ind2=" ">
   <subfield code="a">Pre EUR/GBP bola zaznamenaná silná negatívna korelácia (-0,763) s p &lt; 0,05. Oslabovanie eura v oboch prípadoch viedlo k rastu nominálnej hodnoty derivátov na zaistenie expozície v príslušnej mene.</subfield>
  </datafield>
  <datafield tag="538" ind1=" " ind2=" ">
   <subfield code="a">Způsob přístupu: Internet</subfield>
  </datafield>
  <datafield tag="653" ind1="0" ind2=" ">
   <subfield code="a">podnikání a právo [obor dipl. práce]</subfield>
  </datafield>
  <datafield tag="655" ind1=" " ind2="7">
   <subfield code="a">diplomové práce</subfield>
   <subfield code="7">fd132022</subfield>
   <subfield code="2">czenas</subfield>
  </datafield>
  <datafield tag="655" ind1=" " ind2="9">
   <subfield code="a">master's theses</subfield>
   <subfield code="2">eczenas</subfield>
  </datafield>
  <datafield tag="690" ind1=" " ind2=" ">
   <subfield code="a">finančné deriváty</subfield>
  </datafield>
  <datafield tag="690" ind1=" " ind2=" ">
   <subfield code="a">automobilový priemysel</subfield>
  </datafield>
  <datafield tag="690" ind1=" " ind2=" ">
   <subfield code="a">zaistenie</subfield>
  </datafield>
  <datafield tag="690" ind1=" " ind2=" ">
   <subfield code="a">stratégie zaistenia</subfield>
  </datafield>
  <datafield tag="690" ind1=" " ind2=" ">
   <subfield code="a">riziko</subfield>
  </datafield>
  <datafield tag="690" ind1=" " ind2=" ">
   <subfield code="a">komodity</subfield>
  </datafield>
  <datafield tag="700" ind1="1" ind2=" ">
   <subfield code="a">Zezula, Jakub</subfield>
   <subfield code="%">ISIS:101391</subfield>
   <subfield code="4">ths</subfield>
  </datafield>
  <datafield tag="700" ind1="1" ind2=" ">
   <subfield code="a">Tomčiak, Petr</subfield>
   <subfield code="%">ISIS:127219</subfield>
   <subfield code="4">opn</subfield>
  </datafield>
  <datafield tag="710" ind1="2" ind2=" ">
   <subfield code="a">Vysoká škola ekonomická v Praze.</subfield>
   <subfield code="b">Fakulta mezinárodních vztahů</subfield>
   <subfield code="7">kn20010709400</subfield>
   <subfield code="4">dgg</subfield>
  </datafield>
  <datafield tag="856" ind1="4" ind2="0">
   <subfield code="u">https://insis.vse.cz/zp/85362/podrobnosti</subfield>
   <subfield code="y">VŠKP v InSIS</subfield>
  </datafield>
  <datafield tag="856" ind1="4" ind2="0">
   <subfield code="u">https://insis.vse.cz/zp/85362</subfield>
   <subfield code="y">Hlavní práce</subfield>
  </datafield>
  <datafield tag="856" ind1="4" ind2="0">
   <subfield code="u">https://insis.vse.cz/zp/85362/posudek/vedouci</subfield>
   <subfield code="y">Hodnocení vedoucího</subfield>
  </datafield>
  <datafield tag="856" ind1="4" ind2="0">
   <subfield code="u">https://insis.vse.cz/zp/85362/posudek/oponent/86221</subfield>
   <subfield code="y">Oponentura</subfield>
  </datafield>
  <datafield tag="999" ind1="4" ind2="0">
   <subfield code="u">https://insis.vse.cz/zp/85362/podrobnosti</subfield>
   <subfield code="y">dc:identifier</subfield>
  </datafield>
  <datafield tag="993" ind1=" " ind2=" ">
   <subfield code="x">NEPOSILAT</subfield>
   <subfield code="y">VSKP</subfield>
  </datafield>
  <datafield tag="999" ind1="4" ind2="9">
   <subfield code="a">vse85362</subfield>
   <subfield code="b">250530</subfield>
  </datafield>
  <datafield tag="999" ind1="4" ind2="5">
   <subfield code="x">85362</subfield>
  </datafield>
 </record>
</collection>
